[Event "Druzynowe Mistrzostw Polski Juniorow - II Liga"]
[Site "Wroclaw"]
[Date "1899-12-30"]
[Round "8.75"]
[White "Rajlich, Vaclav"]
[Black "Schiller, Marcin"]
[Result "0-1"]
[WhiteTitle "II"]
[BlackTitle "II"]
[WhiteElo "1326"]
[BlackElo "1214"]

1. g3 d5 2. Bg2 Bf5 3. d3 Nf6 4. Nd2 e6 5. e3 c5 6. b3 Nc6 7. Bb2 Be7 8. Ne2 Rc8
9. O-O O-O 10. h3 Qd7 11. g4 Bg6 12. f4 Ne8 13. Qe1 Nb4 14. Qd1 Nd6 15. a3 Nc6
16. Nf3 Rfd8 17. Ng3 c4 18. h4 h6 19. h5 Bh7 20. g5 hxg5 21. fxg5 cxd3 22. cxd3
Nf5 23. Nxf5 Bxf5 24. Rc1 Bg4 25. Qe1 Bxf3 26. Rxf3 Bxg5 27. Qg3 Bh6 28. Bxg7
Bxg7 29. h6 f5 30. d4 Nxd4 31. exd4 Rxc1+ 32. Kh2 Kh7 33. Qg5 Qc7+ 34. Kh3 Bxh6
35. Qh5 Rg8 36. Re3 Qg7 0-1

[Event "Druzynowe Mistrzostw Polski Juniorow - II Liga"]
[Site "Wroclaw"]
[Date "1899-12-30"]
[Round "8.77"]
[White "Kicinska, Magdalena"]
[Black "Bartoszek, Julia"]
[Result "1-0"]
[WhiteTitle "I++"]
[BlackTitle "I"]
[WhiteElo "1440"]
[BlackElo "1285"]

1. d4 d5 2. Nf3 Nf6 3. Bg5 e6 4. Nbd2 Be7 5. e3 a6 6. Bd3 Nbd7 7. O-O c5 8. c3
O-O 9. Qa4 c4 10. Bb1 Nh5 11. Bxe7 Qxe7 12. e4 dxe4 13. Nxe4 f5 14. Ng3 Nxg3 15.
fxg3 b5 16. Qc2 Bb7 17. Qe2 Bxf3 18. Rxf3 Rae8 19. Bc2 Rf6 20. Re1 Kf7 21. b3
Nb6 22. g4 Qd7 23. g5 Rg6 24. Bxf5 exf5 25. Rxf5+ Rf6 26. Qh5+ Kf8 27. Rxe8+ Qxe8
28. Qxe8+ Kxe8 29. gxf6 gxf6 30. Rxf6 cxb3 31. Rxb6 bxa2 32. Rxa6 1-0

[Event "Druzynowe Mistrzostw Polski Juniorow - II Liga"]
[Site "Wroclaw"]
[Date "1899-12-30"]
[Round "8.78"]
[White "Kretowicz, Daria"]
[Black "Kicinska, Anna"]
[Result "0-1"]
[WhiteTitle "I"]
[BlackTitle "I+"]
[WhiteElo "1124"]
[BlackElo "1297"]

1. e4 g6 2. d4 Bg7 3. Nf3 e6 4. Bc4 d6 5. Nc3 Nd7 6. O-O Ne7 7. Bf4 a6 8. Qd3 h6
9. Rad1 b5 10. Bb3 Bb7 11. Rfe1 g5 12. Bg3 O-O 13. e5 d5 14. a3 c5 15. Ba2 Nc6
16. dxc5 Nxc5 17. Qe2 Qb6 18. Qd2 a5 19. Bb3 a4 20. Ba2 b4 21. axb4 Qxb4 22. Rb1
g4 23. Nh4 d4 24. Ne4 Nxe4 25. Qf4 Nxg3 26. Qxg3 Qa5 27. Qxg4 Nxe5 28. Qg3 Qc5
29. c3 dxc3 30. bxc3 Ba6 31. Kh1 Nc4 32. Bxc4 Bxc4 33. f4 a3 34. Re5 Qd6 35. h3
Kh7 36. Ree1 Qd3 37. Qf2 a2 38. Rbc1 Ra3 39. Red1 Qe2 40. Qc5 Rfa8 41. Ra1 Bxc3
42. Rac1 a1=Q 43. Rxa1 Rxa1 44. Rxa1 Rxa1+ 0-1

[Event "Druzynowe Mistrzostw Polski Juniorow - II Liga"]
[Site "Wroclaw"]
[Date "1899-12-30"]
[Round "8.79"]
[White "May, Jakub"]
[Black "Smuda, Tomasz"]
[Result "0-1"]
[WhiteTitle "II"]
[BlackTitle "I"]
[WhiteElo "1271"]
[BlackElo "1515"]

1. e4 c6 2. d4 d5 3. e5 Bf5 4. h4 a6 5. g4 Be6 6. Bd3 c5 7. c3 Nc6 8. Bf5 Bxf5
9. gxf5 cxd4 10. e6 Nf6 11. exf7+ Kxf7 12. cxd4 Qc8 13. Bg5 Qxf5 14. Bxf6 exf6
15. Ne2 Re8 16. Nbc3 Bb4 17. Qb3 Nxd4 0-1

[Event "Druzynowe Mistrzostw Polski Juniorow - II Liga"]
[Site "Wroclaw"]
[Date "1899-12-30"]
[Round "8.80"]
[White "Rzepka, Marcin"]
[Black "Rychlik, Michal"]
[Result "0-1"]
[WhiteTitle "II"]
[BlackTitle "II"]
[WhiteElo "1314"]
[BlackElo "1354"]

1. c4 c5 2. Nf3 Nc6 3. Nc3 g6 4. g3 Bg7 5. Bg2 e5 6. d3 Nge7 7. O-O O-O 8. Nd5
d6 9. a3 a5 10. Rb1 Nxd5 11. cxd5 Ne7 12. e4 a4 13. b4 axb3 14. Qxb3 b5 15. Qxb5
Ba6 16. Qb3 Qc7 17. Bd2 Rfb8 18. Qc2 Bb5 19. Qc3 Nxd5 20. Qa1 Bxd3 21. Rxb8+ Rxb8
22. Re1 Nb6 23. Bf1 Bxf1 24. Rxf1 d5 25. Ba5 d4 26. Rb1 Qa7 27. Bxb6 Rxb6 28.
Rxb6 Qxb6 29. Nd2 Qa6 30. Qa2 Qa8 31. a4 Bh6 32. a5 Bxd2 33. Qxd2 Qa6 34. Kg2
Qb5 35. Qa2 Qa6 36. Qd2 Qa8 37. f3 c4 38. Qb4 c3 39. Qc5 c2 40. Qxc2 Qxa5 41.
Qb2 Kg7 42. Kf2 Qc5 43. Ke2 Qc4+ 44. Kd2 Qf1 45. Qc2 Qxf3 46. Ke1 Qh1+ 47. Kd2
Qxh2+ 0-1

[Event "Druzynowe Mistrzostw Polski Juniorow - II Liga"]
[Site "Wroclaw"]
[Date "1899-12-30"]
[Round "8.81"]
[White "Kolendo, Tymon"]
[Black "Kubik, Bartosz"]
[Result "1/2-1/2"]
[WhiteTitle "III"]
[BlackTitle "II"]
[WhiteElo "1126"]
[BlackElo "1224"]

1. d4 d5 2. c4 e6 3. Nc3 a6 4. Nf3 dxc4 5. a4 Nc6 6. e3 Na5 7. Nd2 c5 8. Nxc4 cxd4
9. exd4 Nf6 10. Bg5 Be7 11. Be2 O-O 12. O-O Nxc4 13. Bxc4 Qc7 14. Bb3 Rd8 15.
Be3 e5 16. d5 Ng4 17. Qf3 Bd6 18. Ne4 h6 19. Rac1 Qb8 20. Bb6 Rf8 21. Rxc8 Qxc8
22. Nxd6 Qd7 23. Bc5 Nf6 24. Re1 Qc7 25. Ba3 Rfd8 26. Nf5 e4 27. Qd1 Qf4 28. Ne7+
Kh8 29. h3 Qe5 30. d6 Rf8 31. Bxf7 Kh7 32. Ng6 Qf5 33. Nxf8+ Rxf8 34. Bb3 Ng4
1/2-1/2

[Event "Druzynowe Mistrzostw Polski Juniorow - II Liga"]
[Site "Wroclaw"]
[Date "1899-12-30"]
[Round "8.83"]
[White "Lazniewska, Zofia"]
[Black "Seemann, Lena"]
[Result "1-0"]
[WhiteTitle "I+"]
[BlackTitle "II"]
[WhiteElo "1561"]
[BlackElo "1081"]

1. e4 e5 2. Nf3 Nc6 3. Nc3 Nf6 4. Bb5 d6 5. d4 Bd7 6. d5 Ne7 7. Bxd7+ Qxd7 8. O-O
Ng6 9. h3 Nh5 10. Nxe5 Nxe5 11. Qxh5 O-O-O 12. Qe2 Re8 13. Be3 a6 14. Rad1 f5
15. Rfe1 h6 16. Bd4 Rg8 17. exf5 Qxf5 18. Qe4 Qh5 19. Bxe5 Rxe5 20. Qh7 Qf7 21.
Rxe5 dxe5 22. Qe4 Bc5 23. Qg4+ Kb8 24. Ne4 Be7 25. c4 Rf8 26. Qe2 Qg6 27. Rf1
Rf4 28. Nc3 e4 29. Kh1 Bc5 30. Nd1 Qb6 31. b3 g5 32. Kg1 c6 33. dxc6 Qxc6 34.
Ne3 Qg6 35. Nd5 Rh4 36. b4 Bd4 37. Ne3 Bc3 38. Rd1 Bxb4 39. Nd5 Bc5 40. Ne3 Qg8
41. Rd5 Bxe3 42. Qxe3 g4 43. Qg3+ Ka8 44. Qxh4 Qg7 45. Qxg4 Qa1+ 46. Kh2 Qxa2
47. Qxe4 Qxf2 48. Rd8+ Ka7 49. Qd4+ Qxd4 50. Rxd4 a5 51. g4 a4 52. c5 Ka6 53.
Rxa4+ Kb5 54. Ra7 Kxc5 55. Rxb7 1-0

[Event "Druzynowe Mistrzostw Polski Juniorow - II Liga"]
[Site "Wroclaw"]
[Date "1899-12-30"]
[Round "8.85"]
[White "Doroba, Ludwik"]
[Black "Guzik, Michal"]
[Result "0-1"]
[WhiteTitle "II"]
[BlackTitle "II+"]
[WhiteElo "1421"]
[BlackElo "1413"]

1. d4 Nf6 2. Bf4 d5 3. e3 e6 4. Nf3 Bd6 5. Bg3 O-O 6. Bd3 b6 7. Nbd2 Bb7 8. Ne5
Nbd7 9. Qf3 Qe7 10. O-O c5 11. c3 Rac8 12. Bf4 Bb8 13. Qh3 Rfe8 14. Ndf3 Nf8 15.
Ng5 Bxe5 16. Bxe5 Ne4 17. Nxe4 dxe4 18. Bc2 Ng6 19. Bg3 cxd4 20. exd4 Qg5 21.
Rad1 f5 22. Bd6 Red8 23. Be5 Rd5 24. Bb3 Rxe5 25. dxe5 Nf4 26. Bxe6+ Kf8 27. Qg3
Ne2+ 28. Kh1 Nxg3+ 29. fxg3 g6 30. Bxc8 Bxc8 31. Rd6 e3 32. Re1 e2 33. h4 Qe3
0-1

[Event "Druzynowe Mistrzostw Polski Juniorow - II Liga"]
[Site "Wroclaw"]
[Date "1899-12-30"]
[Round "8.86"]
[White "Mastej, Krzysztof"]
[Black "Rumniak, Aleksy"]
[Result "1/2-1/2"]
[WhiteTitle "II"]
[BlackTitle "II"]
[WhiteElo "1355"]
[BlackElo "1291"]

1. e4 d6 2. d4 Nf6 3. Nc3 g6 4. Nf3 Bg7 5. h3 O-O 6. Be2 c6 7. O-O Qa5 8. Be3 Nbd7
9. Qd2 e5 10. Bh6 Re8 11. Bxg7 Kxg7 12. dxe5 dxe5 13. a3 Qc7 14. b4 Nh5 15. Bc4
Nb6 16. Bb3 Be6 17. Bxe6 Rxe6 18. Ne2 Nf4 19. Nxf4 exf4 20. Qd4+ Kg8 21. e5 Nd7
22. Rfe1 Rae8 23. Qxf4 Nxe5 24. Nxe5 Rxe5 25. Rxe5 Qxe5 26. Qxe5 Rxe5 27. Kf1
Kg7 28. Rd1 Re7 29. Rd3 h5 30. c4 Kf6 31. c5 Ke5 1/2-1/2

[Event "Druzynowe Mistrzostw Polski Juniorow - II Liga"]
[Site "Wroclaw"]
[Date "1899-12-30"]
[Round "8.87"]
[White "Wolski, Ernest"]
[Black "Oberc, Szymon"]
[Result "1-0"]
[WhiteTitle "II"]
[BlackTitle "II"]
[WhiteElo "1216"]
[BlackElo "1107"]

1. c4 c5 2. Nc3 Nc6 3. g3 Nf6 4. Bg2 e6 5. Nf3 Be7 6. O-O O-O 7. a3 h6 8. Ne1 b6
9. Nc2 Bb7 10. Rb1 Rb8 11. Ne3 a6 12. d3 Qc7 13. Bd2 d6 14. Qa4 Nd4 15. Rfe1 Rfd8
16. Ne4 Nxe4 17. dxe4 Bc6 18. Qd1 Bb7 19. Bc3 Nc6 20. Qd2 Ne5 21. f4 Nd7 22. Red1
Nf6 23. Qc2 Rd7 24. Rd2 b5 25. b3 Bc6 26. Rbd1 a5 27. h3 a4 28. cxb5 axb3 29.
Qxb3 Rxb5 30. Qc2 Rb8 31. Kf2 Qb7 32. Bxf6 Bxf6 33. e5 Be7 34. exd6 Bd8 35. Bxc6
Qxc6 36. Nc4 Bf6 37. Rb1 Rbd8 38. Rb3 Rb7 39. Rd1 Rbd7 40. Rdb1 g6 41. h4 Kg7
42. Qd3 Qd5 43. Rd1 Qc6 44. Rb6 Qc8 45. a4 Ra7 46. a5 Rdd7 47. Rdb1 h5 48. Qe4
Qa8 49. Qxa8 Rxa8 50. Rc6 Bd8 51. Rxc5 Ra6 52. Kf3 Kf6 53. e4 Rdxd6 54. e5+ 1-0

[Event "Druzynowe Mistrzostw Polski Juniorow - II Liga"]
[Site "Wroclaw"]
[Date "1899-12-30"]
[Round "8.89"]
[White "Matyjasek, Michalina"]
[Black "Niedorys, Karolina"]
[Result "1-0"]
[WhiteTitle "I"]
[BlackTitle "I+"]
[WhiteElo "1438"]
[BlackElo "1495"]

1. d4 c5 2. d5 Nf6 3. c4 g6 4. Nc3 Bg7 5. Nf3 d6 6. h3 O-O 7. Bf4 Nh5 8. Bh2 Qa5
9. Qb3 a6 10. e3 Nd7 11. Be2 Qb6 12. Qc2 Qa5 13. O-O Rb8 14. a4 f5 15. Ng5 Ne5
16. f4 Nf7 17. Bxh5 Nxg5 18. fxg5 gxh5 19. Ne2 h4 20. e4 fxe4 21. Qxe4 Rxf1+ 22.
Rxf1 Qc7 23. Qf4 Qd8 24. b3 b5 25. axb5 axb5 26. Qf7+ Kh8 27. Qh5 bxc4 28. g6
h6 29. Bf4 Kg8 30. Bxh6 Rxb3 31. Bxg7 1-0

[Event "Druzynowe Mistrzostw Polski Juniorow - II Liga"]
[Site "Wroclaw"]
[Date "1899-12-30"]
[Round "8.90"]
[White "Mansz, Martyna"]
[Black "Piotrowska, Weronika"]
[Result "1-0"]
[WhiteTitle "I"]
[BlackTitle "II"]
[WhiteElo "1226"]
[BlackElo "1140"]

1. e4 e5 2. Nf3 Nc6 3. Bb5 a6 4. Ba4 Bc5 5. O-O Nf6 6. Re1 b5 7. Bb3 Ba7 8. c3
d6 9. h3 h6 10. d4 O-O 11. Bc2 Re8 12. d5 Ne7 13. b3 c6 14. c4 bxc4 15. bxc4 Rb8
16. Be3 Bxe3 17. Rxe3 c5 18. Nc3 Qa5 19. Nb1 Bd7 20. Ra3 Qb4 21. Nfd2 a5 22. Rb3
Ra8 23. Rxb4 axb4 24. Bb3 Reb8 25. a3 bxa3 26. Rxa3 Rxa3 27. Nxa3 Nc8 28. Ba4
Bxa4 29. Qxa4 Kf8 30. Nb5 Ne8 31. f3 f6 32. Qa5 1-0

[Event "Druzynowe Mistrzostw Polski Juniorow - II Liga"]
[Site "Wroclaw"]
[Date "1899-12-30"]
[Round "8.91"]
[White "Wesolek, Krzysztof"]
[Black "Bartlomowicz, Jakub"]
[Result "1/2-1/2"]
[WhiteTitle "I"]
[BlackTitle "I"]
[WhiteElo "1747"]
[BlackElo "1922"]

1. e4 e5 2. Nf3 Nc6 3. Bc4 Bc5 4. c3 Nf6 5. d4 exd4 6. cxd4 Bb4+ 7. Nbd2 d5 8.
exd5 Nxd5 9. O-O O-O 10. a3 Bxd2 11. Bxd2 h6 12. Qb3 Nb6 13. d5 Nxc4 14. Qxc4
Ne7 15. Bb4 Re8 16. Rfe1 Bf5 17. Re5 Bd7 18. Rae1 Ng6 19. Rxe8+ Bxe8 20. Qd4 f6
21. d6 cxd6 22. Qxd6 Qxd6 23. Bxd6 Rd8 24. Bc5 a6 25. Be3 Kf7 26. Rc1 Ba4 27.
Kf1 Rd1+ 28. Ke2 Rxc1 29. Bxc1 Bc6 30. g3 Ne5 31. Nxe5+ fxe5 1/2-1/2

[Event "Druzynowe Mistrzostw Polski Juniorow - II Liga"]
[Site "Wroclaw"]
[Date "1899-12-30"]
[Round "8.92"]
[White "Bochenek, Ryszard"]
[Black "Ostojski, Dawid"]
[Result "1/2-1/2"]
[WhiteTitle "II+"]
[BlackTitle "II"]
[WhiteElo "1544"]
[BlackElo "1337"]

1. e4 c6 2. d4 d5 3. Nc3 dxe4 4. Nxe4 Bf5 5. Ng3 Bg6 6. h4 h6 7. Nh3 e6 8. Nf4
Bh7 9. Bc4 Nd7 10. O-O Ngf6 11. Re1 Bd6 12. Bxe6 fxe6 13. Nxe6 Qb6 14. Nxg7+ Kf7
15. Bxh6 Bxg3 16. fxg3 Bxc2 17. Qxc2 Rxh6 18. Nf5 Rhh8 19. Qe2 Qd8 20. Qe6+ Kg6
21. Nd6 Rh7 22. g4 Nf8 23. Qe5 Rxh4 24. Qf5+ Kg7 25. Qg5+ Ng6 26. Nf5+ Kf7 27.
Re7+ Qxe7 28. Nxe7 Rxg4 29. Qe3 Nxe7 30. Re1 Re4 31. Qb3+ Kg7 32. Rxe4 Nxe4 33.
Qe6 Nd5 34. Qxe4 Rf8 35. Qe5+ Kg6 36. g4 Rf7 37. Qh5+ Kg7 38. g5 Kg8 39. g6 Rg7
40. Qg5 Ne7 41. Kf2 1/2-1/2

[Event "Druzynowe Mistrzostw Polski Juniorow - II Liga"]
[Site "Wroclaw"]
[Date "1899-12-30"]
[Round "8.94"]
[White "Lesnikowski, Maciej"]
[Black "Wrzodak, Natalia"]
[Result "0-1"]
[WhiteTitle "II"]
[BlackTitle "I"]
[WhiteElo "1332"]
[BlackElo "1133"]

1. d4 d5 2. c4 e6 3. Nc3 Nf6 4. Bg5 Be7 5. Rc1 b6 6. Nf3 Bb7 7. e3 h6 8. Bh4 O-O
9. Be2 Nbd7 10. O-O a6 11. a3 Rc8 12. cxd5 Nxd5 13. Bxe7 Qxe7 14. Nxd5 exd5 15.
Nd2 Nf6 16. Rc2 Rfd8 17. Nb3 Rd7 18. Bg4 Nxg4 19. Qxg4 Qe6 20. Qxe6 fxe6 21. Rfc1
Re7 22. Nd2 e5 23. dxe5 c6 24. Nf3 Re6 25. Nd4 Rg6 26. Nf5 Rc7 27. Nd4 c5 28.
b3 Re7 29. Nf3 d4 30. Ne1 dxe3 31. fxe3 Rxe5 32. Re2 a5 33. Rd1 Ba6 34. Nd3 Rd5
35. Ree1 Rxd3 36. Rxd3 Bxd3 37. Rd1 Bc2 38. Re1 Bxb3 39. e4 Re6 40. e5 c4 41.
Kf2 c3 42. Re3 c2 43. Rxb3 c1=Q 44. Re3 Qb2+ 45. Kf3 Rxe5 46. Rxe5 Qxe5 47. g4
Qd4 48. h4 g5 49. hxg5 hxg5 50. Kg3 Qc3+ 51. Kh2 b5 52. Kg2 b4 53. axb4 axb4 54.
Kh2 b3 55. Kg2 b2 56. Kh2 b1=R 57. Kg2 Rb2+ 58. Kg1 Qc1# 0-1

[Event "Druzynowe Mistrzostw Polski Juniorow - II Liga"]
[Site "Wroclaw"]
[Date "1899-12-30"]
[Round "8.96"]
[White "Babinska, Liwia"]
[Black "Podoba, Hanna"]
[Result "1-0"]
[WhiteTitle "I"]
[BlackTitle "I"]
[WhiteElo "1331"]
[BlackElo "1101"]

1. e4 b6 2. d4 e6 3. Nc3 Bb7 4. Bd3 Nf6 5. Nf3 Bb4 6. e5 Nd5 7. Bd2 d6 8. Nxd5
Bxd2+ 9. Qxd2 Bxd5 10. Qe2 Nd7 11. exd6 cxd6 12. c3 Rc8 13. O-O Qf6 14. Nd2 O-O
15. Ne4 Qe7 16. Rfe1 Rc7 17. Qh5 Bxe4 18. Bxe4 Nf6 19. Qh3 Nxe4 20. Rxe4 Qf6 21.
Rg4 Re8 22. Re1 Qh6 23. Qxh6 f5 24. Rg3 Kf8 25. Qxh7 Ree7 26. Qh8+ Kf7 27. Rxg7+
Kf6 28. Qh6# 1-0

[Event "Druzynowe Mistrzostw Polski Juniorow - II Liga"]
[Site "Wroclaw"]
[Date "1899-12-30"]
[Round "8.97"]
[White "Goral, Bartosz"]
[Black "Makhynia, Kostiantyn"]
[Result "0-1"]
[WhiteTitle "III"]
[BlackTitle "II"]
[WhiteElo "1065"]
[BlackElo "1717"]

1. e4 c5 2. Nf3 Nc6 3. Bb5 e5 4. d3 d6 5. c4 g6 6. Nc3 Bg7 7. Bxc6+ bxc6 8. Bd2
Ne7 9. Rb1 a5 10. O-O O-O 11. Re1 f5 12. Qc1 f4 13. h3 h6 14. Kh2 g5 15. Ne2 g4
16. hxg4 Bxg4 17. Neg1 Ng6 18. g3 fxg3+ 19. Kxg3 Bxf3 20. Nxf3 Qf6 21. Qd1 Nf4
22. Bxf4 Qxf4+ 23. Kg2 Qg4+ 24. Kf1 Rxf3 25. Ke2 Rxf2+ 26. Kxf2 Rf8+ 27. Ke3 Qf4+
28. Ke2 Qf2# 0-1

[Event "Druzynowe Mistrzostw Polski Juniorow - II Liga"]
[Site "Wroclaw"]
[Date "1899-12-30"]
[Round "8.98"]
[White "Gajec, Roza"]
[Black "Nowak, Feliks"]
[Result "0-1"]
[WhiteTitle "I"]
[BlackTitle "II"]
[WhiteElo "1268"]
[BlackElo "1412"]

1. e4 c5 2. Nf3 d6 3. d4 cxd4 4. Nxd4 Nf6 5. Nc3 a6 6. Be2 g6 7. Be3 Bg7 8. Qd2
h5 9. f3 b5 10. a3 Bb7 11. Rd1 Nbd7 12. O-O Rc8 13. Kh1 Nb6 14. Bd3 Nc4 15. Bxc4
Rxc4 16. Nde2 Rc8 17. Bf4 Nd7 18. Bg3 Ne5 19. Qd4 O-O 20. Bxe5 Bxe5 21. Qe3 Qc7
22. f4 Bg7 23. f5 Kh7 24. Qh3 Qc4 25. Rf4 Be5 26. fxg6+ fxg6 27. Rxf8 Rxf8 28.
Qd7 Bxc3 29. bxc3 Qxe4 30. Qh3 Qxe2 0-1

[Event "Druzynowe Mistrzostw Polski Juniorow - II Liga"]
[Site "Wroclaw"]
[Date "1899-12-30"]
[Round "8.99"]
[White "Myszkowski, Jan"]
[Black "Rzasa, Mateusz"]
[Result "0-1"]
[WhiteTitle "II"]
[BlackTitle "II"]
[WhiteElo "1076"]
[BlackElo "1034"]

1. d4 c6 2. Bg5 d5 3. e3 Qb6 4. Qc1 Bf5 5. f4 Nd7 6. Nf3 e6 7. Nbd2 f6 8. Bh4 Bd6
9. h3 e5 10. g4 Bg6 11. f5 Bf7 12. c3 O-O-O 13. Bg3 Ne7 14. Be2 h5 15. O-O hxg4
16. hxg4 g6 17. Nh4 gxf5 18. Nxf5 Nxf5 19. Rxf5 Rdg8 20. Nf1 Be6 21. Rh5 Rxh5
22. gxh5 exd4 23. Kh2 Bxg3+ 24. Nxg3 dxe3 25. Qc2 Qc7 26. Rg1 Qf4 27. Bf1 Qh4+
28. Kg2 Rxg3# 0-1

[Event "Druzynowe Mistrzostw Polski Juniorow - II Liga"]
[Site "Wroclaw"]
[Date "1899-12-30"]
[Round "8.101"]
[White "Biniak, Zuzanna"]
[Black "Pietrzak, Emilia"]
[Result "1-0"]
[WhiteTitle "I"]
[BlackTitle "I+"]
[WhiteElo "1433"]
[BlackElo "1374"]

1. c4 c6 2. g3 d5 3. cxd5 cxd5 4. Bg2 Nf6 5. Nf3 Bf5 6. O-O h6 7. d3 e6 8. Qb3
Qb6 9. Qxb6 axb6 10. Nc3 Nc6 11. Nb5 Kd7 12. Rd1 Bc5 13. e4 Bg6 14. d4 Be7 15.
exd5 Nxd5 16. Ne5+ Nxe5 17. dxe5 Bc2 18. Rd2 Bb3 19. a3 Rhd8 20. Nd4 Ba4 21. Bxd5
exd5 22. Nf5 Ke6 23. Nxg7+ Kxe5 24. Re2+ Kf6 25. Nh5+ Kg6 26. Rxe7 Kxh5 27. Rxb7
b5 28. Bd2 Rac8 29. Rc1 Rxc1+ 30. Bxc1 d4 31. Bd2 d3 32. Rxf7 Re8 33. Rf3 Bc2
34. Re3 Rxe3 35. Bxe3 Kg6 36. Kg2 Bd1 37. f3 h5 38. Kf2 Kf5 39. Bd2 Bb3 40. Ke3
Bc4 41. h3 Ke5 42. Bc3+ Kf5 43. g4+ hxg4 44. hxg4+ Kg5 45. Ke4 Kg6 46. f4 Bb3
47. Kxd3 Bd1 48. g5 Kf5 49. Be5 Bf3 50. Kd4 Be4 51. g6 Bc2 52. g7 Bb3 53. Kc5
Bc4 54. a4 1-0

[Event "Druzynowe Mistrzostw Polski Juniorow - II Liga"]
[Site "Wroclaw"]
[Date "1899-12-30"]
[Round "9.1"]
[White "Dziendziel, Mateusz"]
[Black "Paprocki, Antoni"]
[Result "1/2-1/2"]
[WhiteTitle "I"]
[BlackTitle "I++"]
[WhiteElo "1884"]
[BlackElo "1981"]

1. e4 c5 2. Nf3 e6 3. g3 Nc6 4. Bg2 Nf6 5. Qe2 e5 6. O-O Be7 7. c3 O-O 8. Na3 d5
9. exd5 Qxd5 10. Ng5 Bg4 11. f3 Bf5 12. Ne4 Rad8 13. Nc4 Bg6 14. Rd1 Qd7 15. d3
b5 16. Ne3 Ne8 17. a4 a6 18. axb5 axb5 19. Nc2 f5 20. Nf2 f4 21. Bh3 Bf5 22. Bxf5
Qxf5 23. g4 Qd7 24. Bd2 Nc7 25. Be1 Ra8 26. Ne4 Rfd8 27. Rxa8 Rxa8 28. Bf2 Ne6
29. Ra1 Rd8 30. Rd1 Qd5 31. Kg2 Qb3 32. Na1 Qd5 33. Nc2 b4 34. Qd2 Qb3 35. Na1
Qa2 36. Qc2 Rb8 37. cxb4 Rxb4 38. Rb1 Ncd4 39. Qc1 Ne2 40. Qc2 N6d4 41. Bxd4 Nxd4
42. Qc1 Qa4 43. b3 Qb5 44. Qc3 Ra4 45. Nc2 Ra2 46. Rb2 Rxb2 47. Qxb2 Qxd3 48.
Ne1 Qxb3 49. Qxb3+ Nxb3 50. Nd3 Kf7 51. Nxe5+ Ke6 52. Nd3 g5 53. Kf2 c4 54. Nb2
Kd5 55. Nd1 Kd4 56. Ke2 Nc5 57. Nec3 Nd3 58. Nb5+ Kc5 59. Nbc3 Bd8 60. Ne4+ Kb4
61. Ndc3 Kb3 62. Nd5 h6 63. Nd2+ Kc2 64. Nxc4 Nc1+ 1/2-1/2

[Event "Druzynowe Mistrzostw Polski Juniorow - II Liga"]
[Site "Wroclaw"]
[Date "1899-12-30"]
[Round "9.2"]
[White "Herka, Jakub"]
[Black "Herwy, Jakub"]
[Result "1-0"]
[WhiteTitle "I"]
[BlackTitle "I++"]
[WhiteElo "1433"]
[BlackElo "1905"]

1. d4 Nf6 2. c4 c5 3. d5 e6 4. Nc3 exd5 5. cxd5 d6 6. Nf3 g6 7. g3 Bg7 8. Bg2 O-O
9. O-O a6 10. a4 Qc7 11. Re1 Re8 12. e4 Nbd7 13. Bf4 Nh5 14. e5 dxe5 15. d6 Qb6
16. a5 Qxb2 17. Nd5 Rf8 18. Rb1 Qa2 19. Bxe5 Nxe5 20. Nxe5 Be6 21. Ne7+ Kh8 22.
Bxb7 Rad8 23. N5c6 Bd4 24. Re2 Qa3 25. Nxd8 Rxd8 26. Nc6 Rxd6 27. Nxd4 Rxd4 28.
Rd2 Bg4 29. Qe1 Qxa5 30. Rxd4 Qxe1+ 31. Rxe1 cxd4 32. Re4 Nf6 33. Rxd4 Be2 34.
Bxa6 Bxa6 35. Rd6 Kg7 36. Rxa6 h5 37. h4 Ng4 38. Kg2 Ne5 39. f3 Nd7 40. g4 hxg4
41. fxg4 Nc5 42. Rc6 Nd7 43. Kg3 Nf6 44. Ra6 Ne4+ 45. Kf4 Nf6 46. Ra5 Ng8 47.
Ke5 Nf6 48. Ra4 Nd7+ 49. Kd6 Nf6 50. Rf4 Ng8 51. g5 Kf8 52. Re4 Kg7 53. Kd7 Kf8
54. Re1 Kg7 55. Ke8 f5 56. Ra1 Nf6+ 57. gxf6+ Kxf6 58. Ra6+ Kg7 59. Ke7 Kh6 60.
Kf6 Kh5 61. Ra4 Kh6 62. Ra8 Kh5 63. Rh8+ Kg4 64. Kxg6 f4 65. h5 f3 66. Rf8 1-0

[Event "Druzynowe Mistrzostw Polski Juniorow - II Liga"]
[Site "Wroclaw"]
[Date "1899-12-30"]
[Round "9.3"]
[White "Lecki, Leonard"]
[Black "Pekala, Dawid"]
[Result "1/2-1/2"]
[WhiteTitle "I"]
[BlackTitle "II"]
[WhiteElo "1612"]
[BlackElo "1458"]

1. e4 c5 2. Nf3 e6 3. d4 cxd4 4. Nxd4 Nc6 5. Nc3 a6 6. g3 Qc7 7. Bg2 b5 8. a3 Bb7
9. O-O Nf6 10. Re1 Nxd4 11. Qxd4 Bc5 12. Qd3 Ng4 13. Nd1 h5 14. h3 Ne5 15. Qc3
f6 16. Be3 Rc8 17. Bxc5 Qxc5 18. Qxc5 Rxc5 19. f4 Nc4 20. b3 Nb6 21. Ne3 Ke7 22.
h4 Ba8 23. Kf2 g6 24. Re2 Rc3 25. Rd1 a5 26. Red2 Rb8 27. Rd3 Rc7 28. Bf3 Rbc8
29. Rd6 Nd5 30. Ra6 Nxe3 31. Kxe3 Rxc2 32. Rxa5 Bc6 33. Rd2 Rxd2 34. Kxd2 f5 35.
Ke3 Kd6 36. exf5 exf5 37. Bxc6 dxc6 38. Ra7 Re8+ 39. Kd4 Re4+ 40. Kd3 Kc5 41.
Rg7 Re6 42. Rd7 Re1 43. Rg7 Re6 44. Ra7 Re1 45. Rg7 Re6 46. Rg8 Rd6+ 47. Ke3 Re6+
48. Kd3 Rd6+ 49. Kc3 Re6 50. b4+ Kb6 51. Kd4 Re4+ 52. Kd3 Re6 53. Rg7 Rd6+ 54.
Kc3 Re6 1/2-1/2

[Event "Druzynowe Mistrzostw Polski Juniorow - II Liga"]
[Site "Wroclaw"]
[Date "1899-12-30"]
[Round "9.4"]
[White "Rabenda, Piotr"]
[Black "Radzimski, Antoni"]
[Result "0-1"]
[WhiteTitle "II"]
[BlackTitle "I"]
[WhiteElo "1322"]
[BlackElo "1627"]

1. d4 d5 2. c4 e6 3. Nf3 Nf6 4. Nc3 dxc4 5. Qa4+ c6 6. Qxc4 b5 7. Qb3 Be7 8. e3
Nbd7 9. Bd3 a6 10. O-O c5 11. Qc2 O-O 12. Bd2 Bb7 13. Be2 Rc8 14. dxc5 Nxc5 15.
a3 Qb6 16. b4 Nce4 17. Qb2 Nxd2 18. Nxd2 Bxg2 19. Kxg2 Qc6+ 20. Nce4 Nxe4 21.
Nxe4 Qxe4+ 22. Bf3 Qg6+ 23. Kh1 Bf6 24. Qb1 Bxa1 25. Qxa1 Qf5 26. Be2 Rc2 27.
Qe1 Qe4+ 28. Kg1 Rd8 29. Bd1 Rd5 30. f3 Qg6+ 31. Qg3 Rg5 32. Bxc2 Rxg3+ 33. hxg3
Qxc2 34. f4 Qe2 35. Rf2 Qxe3 36. Kg2 Qxa3 37. Rd2 f6 38. Rd6 Kf7 39. Rc6 Qxb4
40. Rxa6 Qc3 0-1

[Event "Druzynowe Mistrzostw Polski Juniorow - II Liga"]
[Site "Wroclaw"]
[Date "1899-12-30"]
[Round "9.5"]
[White "Obrochta, Lena"]
[Black "Pudelko, Magdalena"]
[Result "0-1"]
[WhiteTitle "I++"]
[BlackTitle "I++"]
[WhiteElo "1690"]
[BlackElo "1461"]

1. e4 c5 2. Nf3 d6 3. d4 cxd4 4. Nxd4 Nf6 5. Nc3 a6 6. Be2 e5 7. Nf3 Be7 8. Bg5
Be6 9. Bxf6 Bxf6 10. O-O O-O 11. Nd5 Nd7 12. Bc4 Qc8 13. Bb3 Bd8 14. c3 Nc5 15.
Bc2 f5 16. exf5 Bxf5 17. Bxf5 Qxf5 18. Ne3 Qe6 19. b4 Ne4 20. Nd5 Rc8 21. Rc1
Nf6 22. c4 Nxd5 23. cxd5 Qf5 24. Nd2 Rxc1 25. Qxc1 Bb6 26. Qc4 Bxf2+ 27. Kh1 Qd7
28. Ne4 Rc8 29. Qe2 Bd4 30. Qf3 Qe7 31. Ng5 Rf8 32. Qxf8+ Qxf8 33. Rxf8+ Kxf8
34. Nxh7+ Ke7 35. Ng5 Kd7 36. Ne4 Kc7 37. g3 Bb2 38. h4 Ba3 39. g4 Bxb4 40. g5
Kd7 41. h5 Ke7 42. Kg2 Ba3 43. Kf3 b5 44. Ke3 a5 45. Kd2 Bb4+ 46. Kc2 Be1 47.
Nxd6 Kxd6 48. g6 Ke7 49. Kd3 Bg3 50. Ke4 Bf4 51. Kd3 Kd6 52. Ke4 b4 53. Kd3 Kxd5
54. Kd4+ 0-1

[Event "Druzynowe Mistrzostw Polski Juniorow - II Liga"]
[Site "Wroclaw"]
[Date "1899-12-30"]
[Round "9.6"]
[White "Walerjan, Ada"]
[Black "Salamon, Julia"]
[Result "0-1"]
[WhiteTitle "I"]
[BlackTitle "I++"]
[WhiteElo "1275"]
[BlackElo "1465"]

1. e4 c5 2. Nf3 e6 3. d4 cxd4 4. Nxd4 Nf6 5. Nc3 Nc6 6. Nxc6 bxc6 7. e5 Nd5 8.
Ne4 Qc7 9. f4 Qb6 10. c4 Bb4+ 11. Ke2 f5 12. exf6 Nxf6 13. Be3 Qd8 14. Nd6+ Bxd6
15. Qxd6 Qe7 16. Bc5 Qxd6 17. Bxd6 Kf7 18. Ke3 Ne8 19. Be5 d6 20. Bc3 Nf6 21.
Be2 Rb8 22. Rad1 Ke7 23. g4 Rg8 24. g5 Ne8 25. Rhe1 Nc7 26. Bf3 c5 27. Kf2 Bb7
28. Bg4 Bc8 29. b3 Rb6 30. Ba5 Rb7 31. Bf3 Ne8 32. Bxb7 Bxb7 33. Rd2 Rf8 34. Kg3
g6 35. Rde2 Ng7 36. Bd2 Nf5+ 37. Kg4 Nd4 38. Rf2 Nc2 39. Rd1 Be4 40. Bc3 Ne3+
41. Kg3 Nxd1 42. Bf6+ Kd7 43. Rd2 Ne3 44. Re2 Nf5+ 45. Kg4 Bc6 46. Rd2 d5 47.
Be5 d4 48. Kh3 Nd6 49. Bxd6 Kxd6 50. Kg3 a5 51. Rd3 Be4 52. Rd2 e5 53. fxe5+ Kxe5
54. h4 Rf3+ 55. Kg4 Re3 56. Rf2 Bf5+ 57. Rxf5+ gxf5+ 58. Kh5 Rh3 59. Kh6 Rxh4+
60. Kg7 d3 61. g6 d2 62. gxh7 d1=Q 63. h8=N Rxh8 64. Kxh8 f4 65. Kg8 f3 66. Kg7
f2 67. Kg6 f1=Q 68. Kg5 Qf4+ 69. Kg6 Qf5+ 70. Kg7 Qf6+ 71. Kg8 Qg4+ 72. Kh7 Qd7+
73. Kg8 Qfd8# 0-1